[Event "CZE Extraliga 2021-22"]
[Site "Czech Republic"]
[Date "2021.10.17"]
[Round "2.1"]
[White "LYS2 Nabaty Tamir GM 2648"]
[Black "OST2 Kociscak Jiri IM 2484"]
[Result "1-0"]
[WhiteElo "2648"]
[BlackElo "2484"]
[Annotator "NA"]
[PlyCount "75"]
[EventDate "2021.10.17"]
[EventCountry "CZE"]
[SourceTitle "playchess.com"]
[Source "ChessBase"]
[SourceQuality "1"]
[TimeControl "40/5400+30:1800+30"]

1. d4 d5 {[%emt 0:02:19]} 2. Nf3 {[%emt 0:00:38]} Nf6 {[%emt 0:00:10]} 3. c4 {[%emt 0:03:51]} c6 {[%emt 0:01:40]} 4. Nc3 {[%emt 0:05:20]} a6 {[%emt 0:02:03]} 5. cxd5 {[%emt 0:04:09]} cxd5 {[%emt 0:00:06]} 6. Bf4 {[%emt 0:00:16]} e6 {[%emt 0:07:01]} 7. e3 {[%emt 0:00:30]} Nc6 {[%emt 0:02:16]} 8. Bd3 {[%emt 0:00:48]} Be7 {[%emt 0:08:41]} 9. h3 {[%emt 0:00:49]} b5 {[%emt 0:09:21]} 10. O-O {[%emt 0:02:06]} Bb7 {[%emt 0:02:10]} 11. Rc1 {[%emt 0:01:58]} O-O {[%emt 0:02:48]} 12. a4 {[%emt 0:01:52]} b4 {[%emt 0:05:37]} 13. Nb1 {[%emt 0:06:17]} Qb6 {[%emt 0:08:25]} 14. Nbd2 {[%emt 0:04:16]} Rfc8 {[%emt 0:00:06]} 15. Bg5 {[%emt 0:15:15]} h6 {[%emt 0:09:25]} 16. Bh4 {[%emt 0:00:17]} Na5 {[%emt 0:02:15]} 17. Qe2 {[%emt 0:00:39]} Bc6 {[%emt 0:12:10]} 18. Ra1 {[%emt 0:06:10]} Be8 {[%emt 0:07:30]} 19. Ne5 {[%emt 0:01:40]} b3 {[%emt 0:01:59]} 20. f4 {[%emt 0:14:00]} Rc2 {[%emt 0:00:34]} 21. Bxf6 {[%emt 0:02:33]} gxf6 {[%emt 0:02:47]} 22. Qg4+ {[%emt 0:01:42]} Kf8 {[%emt 0:00:07]} 23. Qh4 {[%emt 0:02:22]} Bd8 {[%emt 0:00:13]} 24. Qxh6+ {[%emt 0:01:06]} Ke7 {[%emt 0:00:03]} 25. Bxc2 {[%emt 0:00:49]} bxc2 {[%emt 0:00:05]} 26. Nd3 {[%emt 0:00:58]} Nc4 {[%emt 0:00:16]} 27. Nxc4 {[%emt 0:03:31]} dxc4 {[%emt 0:00:04]} 28. Nc5 {[%emt 0:00:09]} Qxb2 {[%emt 0:00:04]} 29. f5 {[%emt 0:03:43]} e5 {[%emt 0:04:23]} 30. Ne4 {[%emt 0:00:31]} Qb6 {[%emt 0:01:03]} 31. dxe5 {[%emt 0:02:24]} fxe5 {[%emt 0:00:04]} 32. f6+ {[%emt 0:00:36]} Kd7 {[%emt 0:00:49]} 33. Rac1 {[%emt 0:01:04]} Qc6 34. Nc3 {[%emt 0:01:03]} Bb6 {[%emt 0:01:57]} 35. Rxc2 {[%emt 0:00:11]} Rd8 {[%emt 0:00:03]} 36. Rd2+ {[%emt 0:02:19]} Kc7 {[%emt 0:00:13]} 37. Rd3 Rd7 38. Rxd7+ {[%emt 0:03:29]} 1-0

[Event "CZE Extraliga 2021-22"]
[Site "Czech Republic"]
[Date "2021.10.17"]
[Round "2.1"]
[White "Nabaty, Tamir"]
[Black "Kociscak, Jiri"]
[Result "1-0"]
[WhiteElo "2648"]
[BlackElo "2484"]
[Annotator "TA"]
[PlyCount "79"]
[EventDate "2021.10.17"]
[EventCountry "CZE"]
[SourceTitle "playchess.com"]
[Source "ChessBase"]
[SourceQuality "1"]

{[%evp 21,79,31,31,33,36,35,24,32,28,29,35,33,34,27,33,28,24,19,45,32,135,108,348,242,270,144,278,235,191,218,229,222,214,251,233,220,410,383,456,433,600,555,575,567,609,602,607,607,580,566,749,737,769,-1172,531,522,2545,555,2462,2335]} 1. d4 d5 2. Nf3 Nf6 3. c4 c6 4. Nc3 a6 5. cxd5 cxd5 6. Bf4 e6 7. e3 Nc6 8. Bd3 Be7 9. h3 b5 10. O-O Bb7 11. Rc1 O-O 12. a4 {D13: Slav Defence: Exchange variation without ...Bf5.} b4 13. Nb1 Qb6 14. Nbd2 {White has an edge.} Rfc8 {[#]} 15. Bg5 $146 ({Predecessor:} 15. Nb3 Na5 16. Nfd2 Rxc1 17. Qxc1 Rc8 18. Qa1 Ne4 19. Rc1 Nxd2 20. Nxd2 Rc6 21. b3 {½-½ (30) Bosiocic,M (2561)-Baramidze,D (2554) Austria 2011}) 15... h6 16. Bh4 Na5 17. Qe2 Bc6 18. Ra1 Be8 19. Ne5 b3 20. f4 Rc2 21. Bxf6 gxf6 (21... Bxf6 $16 22. Bxc2 bxc2) 22. Qg4+ Kf8 {[#]} 23. Qh4 $1 {[%cal Rh4h6]} Bd8 (23... h5 $16 {was necessary.}) 24. Qxh6+ Ke7 25. Bxc2 bxc2 26. Nd3 Nc4 27. Nxc4 dxc4 28. Nc5 {And now f5 would win.} Qxb2 $2 (28... Bc6) 29. f5 $18 e5 {White must now prevent ...Bc6.} 30. Ne4 Qb6 31. dxe5 fxe5 32. f6+ Kd7 33. Rac1 Qc6 34. Nc3 Bb6 35. Rxc2 Rd8 36. Rd2+ Kc7 37. Rd3 $4 {[%mdl 8192]} Rd7 $4 {[%mdl 8192]} (37... Rxd3 $19 38. Qh5 Kb7) 38. Rxd7+ {White is clearly winning.} Kc8 39. Qg5 Qc5 {[#]} 40. Nd5 $1 {Weighted Error Value: White=0.50/Black=0.75} 1-0

[Event "CZE Extraliga 2021-22"]
[Site "Czech Republic"]
[Date "2021.10.17"]
[Round "2.1"]
[White "Laznicka, Viktor"]
[Black "Harikrishna, Pentala"]
[Result "0-1"]
[WhiteElo "2647"]
[BlackElo "2719"]
[Annotator "TA"]
[PlyCount "116"]
[EventDate "2021.10.17"]
[EventCountry "CZE"]
[SourceTitle "playchess.com"]
[Source "ChessBase"]
[SourceQuality "1"]

{[%evp 11,116,9,17,10,14,0,12,14,26,10,47,50,41,50,52,44,49,48,54,55,47,26,57,25,50,0,45,45,68,60,63,64,74,58,71,42,77,77,84,61,51,12,40,29,46,0,25,0,0,0,0,-16,-16,-16,-16,-16,-16,-16,-16,-18,-18,-26,0,-47,-47,-50,-49,-43,-43,-137,-3,-17,0,0,0,-8,-8,-8,-8,-8,-8,-4,-4,-5,-6,-8,-8,-8,-8,-406,-380,-516,-495,-479,-447,-1306,-1227,-5057,-3882,-5009,-3907,-4577,-381,-5330,-5173,-1650,-1387]} 1. e4 c6 2. Nc3 d5 3. Nf3 Bg4 4. h3 Bxf3 5. Qxf3 e6 6. d4 Nf6 7. exd5 {B11: Caro-Kann: Two Knights Variation.} cxd5 8. Bf4 a6 9. O-O-O {The position is equal.} Nc6 10. g4 Be7 11. g5 Nd7 12. h4 {[#]} Nb6 $5 $146 {[%mdl 8] An interesting novelty.} ({Predecessor:} 12... Rc8 13. Kb1 b5 14. Rg1 Nb6 15. h5 g6 16. hxg6 hxg6 17. Be2 b4 18. Bxa6 bxc3 19. Bxc8 Qxc8 {½-½ (78) Buksa,N (2410)-Sjugirov,S (2675) Chess.com INT 2020}) 13. Kb1 Bd6 14. Ne2 Qc7 15. Bxd6 Qxd6 16. Nc1 Rf8 17. Qb3 Na5 18. Qd3 g6 (18... Nac4 $5 {[%cal Rb6a4]}) 19. Rh3 Rc8 20. b3 Nc6 {[%cal Ba5c6,Bc6e7,Be7f5][%mdl 32] With the idea ...Nb4.} 21. Qd2 Ne7 22. Nd3 Nd7 23. f4 Nf5 24. Ne5 b5 25. h5 Qb6 26. hxg6 hxg6 27. Qb4 Qd6 28. Qd2 Qb6 29. Rh7 Nxe5 30. fxe5 b4 31. Bh3 Ng3 {White must now prevent ...Ne4.} 32. Bg2 Ke7 33. Qf2 Nf5 34. Bh3 Rh8 35. Rxh8 Rxh8 36. Bg4 Qc6 37. Rd3 (37. Bxf5 $5 exf5 38. Qd2 $11) 37... a5 {[%cal Ba6a5,Ba5a4][%mdl 32]} 38. Qg2 Rh4 39. Bxf5 exf5 $15 {[%mdl 4096] Endgame KQR-KQR} 40. a3 (40. Qd2 $15) 40... Kf8 ({Better is} 40... bxa3 $17 {And now ...Rxd4! would win.} 41. Qd2 Qb6) 41. Qd2 bxa3 42. Ka2 a4 43. b4 Qc4+ 44. Kxa3 Ke7 45. Qc3 Qxc3+ $1 46. Rxc3 {Strongly threatening b5.} Rxd4 {Black wants to play ...Rc4.} 47. Kxa4 $11 {KR-KR} f4 48. Ka5 Rc4 49. Rb3 Rxc2 50. b5 $2 {[%mdl 8192] Loses the game.} (50. Rf3 $1 $11 {and White is okay.}) 50... Ra2+ $1 $19 51. Kb4 {[#]} Ke6 $1 {[%cal Re6e5]} 52. b6 {Hoping for b7.} Ra8 53. Kc5 (53. Kc3 $142 Kxe5 54. Kd3) 53... Kxe5 ({And not} 53... Rc8+ 54. Kd4 $11) 54. b7 Rb8 55. Rb1 f3 56. Kc6 Kf4 $2 (56... d4 57. Kc7 {[#]} Rxb7+ $1 58. Kxb7 d3) 57. Kxd5 $2 (57. Kc7 Rh8 58. Ra1) 57... Kxg5 58. Ke4 f2 {Weighted Error Value: White=0.73/Black=0.22} 0-1

[Event "CZE Extraliga 2021-22"]
[Site "Czech Republic"]
[Date "2021.10.17"]
[Round "2.1"]
[White "Druska, Juraj"]
[Black "Piesik, Piotr"]
[Result "1/2-1/2"]
[WhiteElo "2506"]
[BlackElo "2389"]
[Annotator "ChessBase"]
[PlyCount "124"]
[EventDate "2021.10.17"]
[EventCountry "CZE"]
[SourceTitle "playchess.com"]
[Source "ChessBase"]
[SourceQuality "1"]
[TimeControl "40/5400+30:1800+30"]

1. e4 {[%emt 0:00:24]} c6 {[%emt 0:00:22]} 2. Nf3 {[%emt 0:01:30]} d5 {[%emt 0:00:22]} 3. d3 {[%emt 0:00:05]} g6 {[%emt 0:00:32]} 4. Nbd2 {[%emt 0:00:13]} Bg7 {[%emt 0:00:14]} 5. d4 {[%emt 0:00:08]} Bg4 {[%emt 0:06:44]} 6. c3 {[%emt 0:24:51]} Nf6 {[%emt 0:13:14]} 7. e5 {[%emt 0:02:25]} Nfd7 {[%emt 0:01:53]} 8. h3 {[%emt 0:02:43]} Bxf3 {[%emt 0:00:39]} 9. Nxf3 {[%emt 0:07:08]} e6 {[%emt 0:12:16]} 10. Be3 {[%emt 0:14:07]} c5 {[%emt 0:01:41]} 11. Qd2 {[%emt 0:06:41]} Nc6 {[%emt 0:07:36]} 12. Be2 {[%emt 0:03:36]} cxd4 {[%emt 0:16:03]} 13. cxd4 {[%emt 0:00:16]} Qa5 {[%emt 0:00:04]} 14. Qxa5 {[%emt 0:06:06]} Nxa5 {[%emt 0:00:11]} 15. Rc1 {[%emt 0:00:04]} Nc6 {[%emt 0:05:03]} 16. O-O {[%emt 0:00:22]} O-O {[%emt 0:02:31]} 17. Rc2 {[%emt 0:02:55]} Nb6 {[%emt 0:01:59]} 18. Rfc1 {[%emt 0:01:26]} Rfc8 {[%emt 0:00:06]} 19. a3 {[%emt 0:05:20]} f6 {[%emt 0:11:53]} 20. exf6 {[%emt 0:08:46]} Bxf6 {[%emt 0:00:04]} 21. Bb5 {[%emt 0:00:07]} Ne7 {[%emt 0:05:41]} 22. Rc7 {[%emt 0:02:19]} Nf5 {[%emt 0:03:05]} 23. Rxc8+ {[%emt 0:03:51]} Rxc8 {[%emt 0:00:25]} 24. Rxc8+ {[%emt 0:00:03]} Nxc8 {[%emt 0:00:03]} 25. Bd7 {[%emt 0:00:06]} Nb6 {[%emt 0:00:20]} 26. Bxe6+ {[%emt 0:00:07]} Kf8 {[%emt 0:00:02]} 27. Bxf5 {[%emt 0:01:16]} gxf5 {[%emt 0:00:06]} 28. b3 {[%emt 0:00:11]} Nc8 {[%emt 0:02:22]} 29. Bf4 {[%emt 0:03:26]} Kf7 {[%emt 0:00:21]} 30. Kf1 {[%emt 0:00:30]} a6 {[%emt 0:02:11]} 31. Ke2 {[%emt 0:00:10]} Na7 {[%emt 0:00:24]} 32. Kd3 {[%emt 0:00:59]} Nc6 {[%emt 0:01:13]} 33. Bd2 {[%emt 0:03:09]} h5 {[%emt 0:04:31]} 34. a4 {[%emt 0:00:17]} b5 {[%emt 0:00:58]} 35. axb5 {[%emt 0:00:12]} axb5 {[%emt 0:00:01]} 36. Bg5 {[%emt 0:00:49]} Bg7 {[%emt 0:01:10]} 37. Bf4 {[%emt 0:00:43]} Ke6 {[%emt 0:00:41]} 38. Be3 {[%emt 0:01:09]} Bf6 {[%emt 0:00:22]} 39. Bd2 {[%emt 0:00:36]} Bg7 {[%emt 0:00:59]} 40. Bg5 {[%emt 0:00:48]} Nb4+ {[%emt 0:00:43]} 41. Kc3 {[%emt 0:01:17]} Nc6 {[%emt 0:01:38]} 42. Be3 {[%emt 0:01:38]} Bf6 {[%emt 0:00:35]} 43. g3 {[%emt 0:02:34]} b4+ {[%emt 0:06:23]} 44. Kd3 {[%emt 0:00:47]} Na5 {[%emt 0:01:33]} 45. Bd2 {[%emt 0:05:52]} Nc6 {[%emt 0:00:18]} 46. Bf4 {[%emt 0:02:45]} Na5 {[%emt 0:03:38]} 47. Kc2 {[%emt 0:03:53]} Nc6 {[%emt 0:01:02]} 48. Be5 {[%emt 0:00:06]} Bd8 {[%emt 0:02:31]} 49. Bg7 {[%emt 0:05:51]} Be7 {[%emt 0:07:40]} 50. Bh8 {[%emt 0:00:11]} Bd8 {[%emt 0:00:59]} 51. Be5 {[%emt 0:00:02]} Bb6 {[%emt 0:02:46]} 52. Bg7 {[%emt 0:00:21]} Ke7 {[%emt 0:00:40]} 53. Kd3 {[%emt 0:03:42]} Na5 {[%emt 0:00:32]} 54. Ne5 {[%emt 0:02:33]} Ke6 {[%emt 0:01:00]} 55. Bf8 {[%emt 0:02:45]} Nxb3 {[%emt 0:01:16]} 56. Nf3 {[%emt 0:00:49]} Nc1+ {[%emt 0:01:26]} 57. Kd2 {[%emt 0:00:11]} Na2 {[%emt 0:01:53]} 58. Kc2 {[%emt 0:00:46]} Ba7 {[%emt 0:02:10]} 59. Bh6 {[%emt 0:02:25]} Nc3 {[%emt 0:00:23]} 60. Kb3 {[%emt 0:00:26]} Nd1 {[%emt 0:00:58]} 61. Be3 {[%emt 0:01:38]} Bb8 {[%emt 0:01:30]} 62. Kxb4 {[%emt 0:00:26]} Bxg3 {[%emt 0:00:18]} 1/2-1/2

[Event "CZE Extraliga 2021-22"]
[Site "Czech Republic"]
[Date "2021.10.17"]
[Round "2.1"]
[White "DPP1 Sahidi Samir IM 2436"]
[Black "FMA2 Azarov Sergei GM 2598"]
[Result "1/2-1/2"]
[WhiteElo "2436"]
[BlackElo "2598"]
[Annotator "NA"]
[PlyCount "54"]
[EventDate "2021.10.17"]
[EventCountry "CZE"]
[SourceTitle "playchess.com"]
[Source "ChessBase"]
[SourceQuality "1"]
[TimeControl "40/5400+30:1800+30"]

1. d4 {[%emt 0:00:09]} Nf6 {[%emt 0:00:13]} 2. c4 {[%emt 0:00:56]} e6 {[%emt 0:00:19]} 3. Nf3 {[%emt 0:00:57]} d5 {[%emt 0:00:38]} 4. g3 {[%emt 0:02:18]} dxc4 {[%emt 0:01:15]} 5. Qa4+ {[%emt 0:03:02]} Nbd7 {[%emt 0:00:53]} 6. Bg2 {[%emt 0:05:09]} a6 {[%emt 0:01:45]} 7. Nc3 {[%emt 0:03:00]} Be7 {[%emt 0:02:23]} 8. Bf4 {[%emt 0:06:43]} Nd5 {[%emt 0:18:28]} 9. Qxc4 {[%emt 0:05:12]} Nxf4 {[%emt 0:00:30]} 10. gxf4 {[%emt 0:00:08]} b5 {[%emt 0:00:29]} 11. Qd3 {[%emt 0:01:14]} Bb7 {[%emt 0:00:30]} 12. O-O {[%emt 0:07:10]} c5 {[%emt 0:02:39]} 13. dxc5 {[%emt 0:12:16]} Nxc5 {[%emt 0:00:34]} 14. Qxd8+ {[%emt 0:01:09]} Rxd8 {[%emt 0:00:20]} 15. Rac1 {[%emt 0:00:45]} b4 {[%emt 0:32:01]} 16. Nb1 {[%emt 0:07:37]} Bxf3 {[%emt 0:02:41]} 17. Bxf3 {[%emt 0:00:14]} O-O {[%emt 0:00:09]} 18. Rc4 {[%emt 0:06:57]} b3 {[%emt 0:01:33]} 19. axb3 {[%emt 0:10:33]} Nxb3 {[%emt 0:00:08]} 20. e3 {[%emt 0:01:35]} Nd2 {[%emt 0:07:11]} 21. Nxd2 {[%emt 0:00:15]} Rxd2 {[%emt 0:00:22]} 22. Ra4 {[%emt 0:03:33]} Rxb2 {[%emt 0:05:54]} 23. Kg2 {[%emt 0:02:53]} g6 {[%emt 0:04:59]} 24. Rxa6 {[%emt 0:01:32]} Rd8 {[%emt 0:06:51]} 25. Kg3 {[%emt 0:01:28]} h5 {[%emt 0:00:23]} 26. Ra8 {[%emt 0:01:08]} Rxa8 {[%emt 0:02:00]} 27. Bxa8 Kg7 {[%emt 0:00:24]} 1/2-1/2

[Event "CZE Extraliga 2021-22"]
[Site "Czech Republic"]
[Date "2021.10.17"]
[Round "2.1"]
[White "Sahidi, Samir"]
[Black "Azarov, Sergei"]
[Result "1/2-1/2"]
[WhiteElo "2436"]
[BlackElo "2598"]
[Annotator "TA"]
[PlyCount "54"]
[EventDate "2021.10.17"]
[EventCountry "CZE"]
[SourceTitle "playchess.com"]
[Source "ChessBase"]
[SourceQuality "1"]

{[%evp 13,54,-2,8,-12,-12,-13,-13,-12,-2,-14,-14,-19,-34,-25,-20,-18,-11,-33,-20,-20,-14,-22,-5,-14,-5,-6,-13,-11,-11,-8,-8,-19,-16,-18,-1,-31,-5,-5,0,0,0,0,0]} 1. d4 Nf6 2. c4 e6 3. Nf3 d5 4. g3 dxc4 5. Qa4+ Nbd7 6. Bg2 a6 7. Nc3 Be7 8. Bf4 {E02: Open Catalan: 5 Qa4+.} Nd5 9. Qxc4 Nxf4 10. gxf4 b5 11. Qd3 Bb7 12. O-O c5 {[#]} 13. dxc5 $146 ({Predecessor:} 13. Rad1 c4 14. Qc2 Nf6 15. Ne5 Bxg2 16. Kxg2 O-O 17. e3 Rc8 18. f5 b4 19. Ne2 {0-1 (43) Hausner,I (2433)-Babula,V (2560) Martin 2003}) 13... Nxc5 14. Qxd8+ Rxd8 15. Rac1 (15. Rfd1 {is more complex.} O-O 16. b4 Nd7 17. a3 Nb6 18. Ne5) 15... b4 16. Nb1 Bxf3 17. Bxf3 O-O 18. Rc4 b3 19. axb3 Nxb3 20. e3 Nd2 21. Nxd2 Rxd2 22. Ra4 Rxb2 23. Kg2 g6 24. Rxa6 Rd8 25. Kg3 {The position is equal.} h5 26. Ra8 Rxa8 27. Bxa8 Kg7 {Not much happened in this game.  Weighted Error Value: White=0.06/Black=0.05} 1/2-1/2

[Event "CZE Extraliga 2021-22"]
[Site "Czech Republic"]
[Date "2021.10.17"]
[Round "2.2"]
[White "NOV5 Navara David GM 2691"]
[Black "PAR6 Sadzikowski Daniel GM 252"]
[Result "1-0"]
[WhiteElo "2691"]
[BlackElo "2527"]
[Annotator "NA"]
[PlyCount "77"]
[EventDate "2021.10.17"]
[EventCountry "CZE"]
[SourceTitle "playchess.com"]
[Source "ChessBase"]
[SourceQuality "1"]
[TimeControl "40/5400+30:1800+30"]

1. e4 {[%emt 0:00:02]} c5 {[%emt 0:00:09]} 2. Nf3 {[%emt 0:00:04]} e6 {[%emt 0:00:21]} 3. d4 {[%emt 0:00:18]} cxd4 {[%emt 0:00:04]} 4. Nxd4 {[%emt 0:00:04]} Nc6 {[%emt 0:00:14]} 5. Nc3 {[%emt 0:00:08]} Qc7 {[%emt 0:00:05]} 6. f4 {[%emt 0:03:38]} a6 {[%emt 0:00:40]} 7. Nxc6 {[%emt 0:00:17]} bxc6 {[%emt 0:00:13]} 8. Bd3 {[%emt 0:00:55]} d5 {[%emt 0:01:09]} 9. O-O {[%emt 0:00:25]} Nf6 {[%emt 0:01:29]} 10. Qe2 {[%emt 0:06:14]} Be7 {[%emt 0:09:17]} 11. e5 {[%emt 0:02:58]} Nd7 {[%emt 0:00:45]} 12. Na4 {[%emt 0:00:07]} c5 {[%emt 0:05:31]} 13. c4 {[%emt 0:00:14]} d4 {[%emt 0:00:31]} 14. Bd2 {[%emt 0:01:01]} g6 {[%emt 0:07:35]} 15. Be4 {[%emt 0:03:30]} Bb7 {[%emt 0:01:29]} 16. Rab1 {[%emt 0:04:55]} O-O {[%emt 0:06:21]} 17. b3 {[%emt 0:01:40]} a5 {[%emt 0:15:03]} 18. Nb2 {[%emt 0:03:31]} Bc6 {[%emt 0:04:20]} 19. a4 {[%emt 0:07:10]} f6 {[%emt 0:09:27]} 20. exf6 {[%emt 0:00:32]} Rxf6 {[%emt 0:00:39]} 21. Nd3 {[%emt 0:03:17]} Bd6 {[%emt 0:14:42]} 22. Rf3 {[%emt 0:19:04]} Qb7 {[%emt 0:04:21]} 23. Nf2 {[%emt 0:03:29]} Bc7 {[%emt 0:01:09]} 24. Re1 {[%emt 0:01:20]} Re8 {[%emt 0:01:52]} 25. h4 {[%emt 0:05:28]} Kh8 {[%emt 0:07:17]} 26. h5 {[%emt 0:01:39]} Re7 {[%emt 0:07:07]} 27. Bxc6 {[%emt 0:02:39]} Qxc6 {[%emt 0:00:01]} 28. Ne4 {[%emt 0:00:46]} Rf8 {[%emt 0:00:50]} 29. hxg6 {[%emt 0:01:00]} hxg6 {[%emt 0:00:14]} 30. Rh3+ {[%emt 0:01:02]} Kg8 {[%emt 0:01:34]} 31. Qg4 {[%emt 0:01:48]} Nf6 {[%emt 0:00:54]} 32. Nxf6+ {[%emt 0:03:51]} Rxf6 {[%emt 0:00:02]} 33. Qh4 {[%emt 0:00:08]} Kf7 {[%emt 0:00:14]} 34. Qh8 {[%emt 0:00:08]} e5 {[%emt 0:00:23]} 35. Rh7+ {[%emt 0:00:07]} Ke6 {[%emt 0:00:05]} 36. fxe5 {[%emt 0:03:20]} Rff7 {[%emt 0:00:33]} 37. Qc8+ {[%emt 0:00:31]} Qd7 {[%emt 0:00:13]} 38. Qa6+ {[%emt 0:00:09]} Kf5 {[%emt 0:00:36]} 39. g4+ {[%emt 0:00:10]} 1-0

[Event "CZE Extraliga 2021-22"]
[Site "Czech Republic"]
[Date "2021.10.17"]
[Round "2.2"]
[White "FMA5 Zwardon Vojtech IM 2470"]
[Black "DPP2 Stohl Igor GM 2458"]
[Result "1/2-1/2"]
[WhiteElo "2470"]
[BlackElo "2458"]
[Annotator "NA"]
[PlyCount "31"]
[EventDate "2021.10.17"]
[EventCountry "CZE"]
[SourceTitle "playchess.com"]
[Source "ChessBase"]
[SourceQuality "1"]
[TimeControl "40/5400+30:1800+30"]

1. c4 {[%emt 0:00:01]} e6 {[%emt 0:00:14]} 2. Nf3 {[%emt 0:00:02]} Nf6 {[%emt 0:00:34]} 3. Nc3 {[%emt 0:00:20]} d5 {[%emt 0:00:32]} 4. e3 {[%emt 0:00:03]} c5 {[%emt 0:01:13]} 5. d4 {[%emt 0:00:11]} a6 {[%emt 0:00:24]} 6. cxd5 {[%emt 0:00:06]} exd5 {[%emt 0:00:07]} 7. Be2 {[%emt 0:01:39]} Nc6 {[%emt 0:00:13]} 8. O-O {[%emt 0:00:10]} Bd6 {[%emt 0:00:55]} 9. dxc5 {[%emt 0:00:06]} Bxc5 {[%emt 0:00:03]} 10. b3 {[%emt 0:02:44]} O-O {[%emt 0:01:07]} 11. Bb2 {[%emt 0:00:17]} Ba7 {[%emt 0:01:02]} 12. Qc2 {[%emt 0:00:48]} Qe7 {[%emt 0:22:16]} 13. Rfd1 {[%emt 0:09:45]} Rd8 {[%emt 0:05:30]} 14. Rac1 {[%emt 0:00:50]} Bg4 {[%emt 0:11:17]} 15. Ng5 {[%emt 0:27:13]} g6 {[%emt 0:10:20]} 16. Nf3 {[%emt 0:01:43]} 1/2-1/2

[Event "CZE Extraliga 2021-22"]
[Site "Czech Republic"]
[Date "2021.10.17"]
[Round "2.2"]
[White "FMB2 Lewtak Damian IM 2379"]
[Black "UNI3 Cernousek Lukas IM 2459"]
[Result "1/2-1/2"]
[WhiteElo "2379"]
[BlackElo "2459"]
[Annotator "NA"]
[PlyCount "69"]
[EventDate "2021.10.17"]
[EventCountry "CZE"]
[SourceTitle "playchess.com"]
[Source "ChessBase"]
[SourceQuality "1"]
[TimeControl "40/5400+30:1800+30"]

1. d4 {[%emt 0:00:03]} d5 {[%emt 0:00:05]} 2. c3 {[%emt 0:00:04]} c5 {[%emt 0:00:05]} 3. Nf3 {[%emt 0:00:05]} Nf6 {[%emt 0:00:06]} 4. e3 {[%emt 0:02:54]} Nbd7 {[%emt 0:02:44]} 5. Nbd2 {[%emt 0:01:08]} g6 {[%emt 0:03:35]} 6. Bd3 {[%emt 0:00:51]} Bg7 {[%emt 0:00:05]} 7. O-O {[%emt 0:00:28]} O-O {[%emt 0:00:04]} 8. Re1 {[%emt 0:02:58]} b6 {[%emt 0:16:06]} 9. a4 {[%emt 0:12:36]} Bb7 {[%emt 0:05:00]} 10. a5 {[%emt 0:00:42]} Qc7 {[%emt 0:11:15]} 11. a6 {[%emt 0:08:16]} Bc6 {[%emt 0:00:02]} 12. e4 {[%emt 0:05:01]} dxe4 {[%emt 0:17:28]} 13. Nxe4 {[%emt 0:00:27]} Nxe4 {[%emt 0:00:08]} 14. Bxe4 {[%emt 0:00:08]} Bxe4 {[%emt 0:00:05]} 15. Rxe4 {[%emt 0:00:04]} cxd4 {[%emt 0:00:09]} 16. cxd4 {[%emt 0:13:29]} Nf6 {[%emt 0:00:34]} 17. Bf4 {[%emt 0:00:07]} Qd7 {[%emt 0:00:13]} 18. Re1 {[%emt 0:01:48]} Nd5 {[%emt 0:07:37]} 19. Be5 {[%emt 0:00:23]} Bh6 {[%emt 0:08:58]} 20. Qb3 {[%emt 0:01:59]} Rac8 {[%emt 0:02:10]} 21. Bg3 {[%emt 0:00:42]} f6 {[%emt 0:03:04]} 22. Re2 {[%emt 0:01:33]} e6 {[%emt 0:06:07]} 23. Rae1 {[%emt 0:04:41]} Rc1 {[%emt 0:00:59]} 24. Rxc1 {[%emt 0:04:45]} Bxc1 {[%emt 0:00:01]} 25. Rc2 {[%emt 0:00:19]} Rc8 {[%emt 0:00:23]} 26. Ne1 {[%emt 0:01:54]} Bf4 {[%emt 0:03:53]} 27. Nd3 {[%emt 0:02:18]} Bxg3 {[%emt 0:00:23]} 28. hxg3 {[%emt 0:00:16]} Rxc2 {[%emt 0:03:17]} 29. Qxc2 {[%emt 0:00:05]} Kf7 {[%emt 0:01:16]} 30. g4 {[%emt 0:10:15]} Ke7 {[%emt 0:00:02]} 31. Qd2 {[%emt 0:03:06]} Nc7 {[%emt 0:02:48]} 32. Qh6 {[%emt 0:02:27]} Ke8 {[%emt 0:02:07]} 33. g5 {[%emt 0:01:29]} Qxd4 {[%emt 0:03:51]} 34. Qxh7 {[%emt 0:00:39]} Qxd3 {[%emt 0:00:08]} 35. Qxc7 {[%emt 0:00:22]} 1/2-1/2

[Event "CZE Extraliga 2021-22"]
[Site "Czech Republic"]
[Date "2021.10.17"]
[Round "2.3"]
[White "PAR7 Pechac Jergus GM 2544"]
[Black "NOV7 Grandelius Nils GM 2662"]
[Result "0-1"]
[WhiteElo "2544"]
[BlackElo "2662"]
[Annotator "NA"]
[PlyCount "58"]
[EventDate "2021.10.17"]
[EventCountry "CZE"]
[SourceTitle "playchess.com"]
[Source "ChessBase"]
[SourceQuality "1"]
[TimeControl "40/5400+30:1800+30"]

1. e4 {[%emt 0:04:19]} c5 {[%emt 0:03:40]} 2. Nf3 {[%emt 0:00:06]} d6 {[%emt 0:00:04]} 3. d4 {[%emt 0:00:06]} cxd4 {[%emt 0:00:04]} 4. Nxd4 {[%emt 0:00:05]} Nf6 {[%emt 0:00:04]} 5. Nc3 {[%emt 0:00:06]} a6 {[%emt 0:00:02]} 6. a4 {[%emt 0:00:06]} g6 {[%emt 0:01:24]} 7. Be2 {[%emt 0:00:08]} Bg7 {[%emt 0:00:06]} 8. O-O {[%emt 0:00:06]} O-O {[%emt 0:00:30]} 9. Be3 {[%emt 0:00:03]} Nc6 {[%emt 0:00:15]} 10. Nxc6 {[%emt 0:00:05]} bxc6 {[%emt 0:00:05]} 11. a5 {[%emt 0:00:05]} Rb8 {[%emt 0:13:13]} 12. b3 {[%emt 0:00:09]} c5 {[%emt 0:07:59]} 13. Qd2 {[%emt 0:00:09]} Qc7 {[%emt 0:07:33]} 14. Bh6 {[%emt 0:08:08]} Bxh6 {[%emt 0:11:36]} 15. Qxh6 {[%emt 0:00:06]} Be6 {[%emt 0:00:08]} 16. Bxa6 {[%emt 0:06:48]} Ra8 {[%emt 0:07:28]} 17. Bd3 {[%emt 0:00:07]} Rxa5 {[%emt 0:00:20]} 18. Nb5 {[%emt 0:00:06]} Qb6 {[%emt 0:02:09]} 19. Rxa5 {[%emt 0:00:08]} Qxa5 {[%emt 0:00:08]} 20. Qg5 {[%emt 0:00:06]} c4 {[%emt 0:11:32]} 21. bxc4 {[%emt 0:05:08]} Rc8 {[%emt 0:00:37]} 22. e5 {[%emt 0:40:14]} Rc5 {[%emt 0:03:30]} 23. Nxd6 {[%emt 0:02:39]} Rxe5 {[%emt 0:00:14]} 24. Qh4 {[%emt 0:00:06]} Qb4 {[%emt 0:02:52]} 25. Ne4 {[%emt 0:08:05]} Nxe4 {[%emt 0:00:09]} 26. Bxe4 {[%emt 0:02:51]} Qxc4 {[%emt 0:01:10]} 27. f3 {[%emt 0:01:37]} f5 {[%emt 0:05:10]} 28. Qxe7 {[%emt 0:03:46]} Qd4+ {[%emt 0:01:12]} 29. Rf2 {[%emt 0:09:55]} Qd1+ {[%emt 0:01:20]} 0-1